[Event "Girona Gerunda op"]
[Site "Girona"]
[Date "2021.07.19"]
[Round "1"]
[White "Serra Palomar, Josep"]
[Black "Alonso Gimenez, Mauro"]
[Result "1/2-1/2"]
[WhiteElo "1965"]
[BlackElo "1677"]
[PlyCount "74"]
[EventDate "2021.07.19"]
[EventType "swiss"]
[EventRounds "9"]
[EventCountry "ESP"]
[SourceTitle "EXT 2022"]
[Source "ChessBase"]
[SourceDate "2021.10.06"]
[SourceVersion "1"]
[SourceVersionDate "2021.10.06"]
[SourceQuality "1"]

1. d4 d5 2. Nf3 Nf6 3. g3 Bf5 4. Bg2 Nc6 5. a3 e6 6. b4 a6 7. 0-0 Bd6 8. Nbd2 0-0 9. c4 Ne4 10. Bb2 dxc4 11. Nxc4 b5 12. Nxd6 Nxd6 13. Ne5 Nxe5 14. dxe5 Nc4 15. Bd4 Rb8 16. e3 Qg5 17. h4 Qg6 18. Qc1 Be4 19. a4 Bxg2 20. Kxg2 Qe4+ 21. f3 Qd3 22. axb5 Rxb5 23. Rxa6 Rxb4 24. Rc6 h6 25. Rf2 Rd8 26. Rxc7 Rxd4 27. exd4 Ne3+ 28. Kh2 Rb1 29. Rc3 Nf1+ 30. Kg2 Qg6 31. Qf4 Nxg3 32. Qg4 Nf5 33. Rc8+ Kh7 34. Qxg6+ Kxg6 35. Rd8 Nxh4+ 36. Kg3 Nf5+ 37. Kf4 Rd1 1/2-1/2

[Event "Girona Tardor op 4th"]
[Site "Girona"]
[Date "2020.09.24"]
[Round "4"]
[White "Serra Palomar, Josep"]
[Black "Molina Carretero, Daniel"]
[Result "0-1"]
[WhiteElo "1702"]
[BlackElo "2179"]
[PlyCount "88"]
[EventDate "2020.09.15"]
[EventType "swiss"]
[EventRounds "8"]
[EventCountry "ESP"]
[SourceTitle "EXT 2022"]
[Source "ChessBase"]
[SourceDate "2021.10.06"]
[SourceVersion "1"]
[SourceVersionDate "2021.10.06"]
[SourceQuality "1"]

1. d4 Nf6 2. Nf3 e6 3. g3 b5 4. Bg2 Bb7 5. a3 Be7 6. 0-0 0-0 7. b4 a5 8. bxa5 Nc6 9. Qd3 Rxa5 10. Bd2 b4 11. c4 bxc3 12. Bxc3 Ra7 13. a4 Qa8 14. Qc2 Nb4 15. Bxb4 Bxb4 16. Qb3 Rb8 17. Qxb4 Bxf3 18. Bxf3 Rxb4 19. Bxa8 Rxa8 20. a5 Ra6 21. Rc1 c6 22. e3 Kf8 23. Nd2 Ke7 24. Kg2 d5 25. Nf3 Nd7 26. Ra2 Kd6 27. h4 f6 28. g4 Nb6 29. Nd2 e5 30. Nf3 Nc4 31. dxe5+ fxe5 32. Kg3 Rb5 33. e4 Rbxa5 34. Rxa5 Rxa5 35. Ng5 Ra3+ 36. Kg2 h6 37. Nf3 Ra2 38. exd5 cxd5 39. h5 e4 40. Nd4 Ke5 41. Nf5 Kf4 42. Nxg7 Kxg4 43. Rc3 e3 44. Kf1 Kf3 0-1

[Event "Girona Tardor op 4th"]
[Site "Girona"]
[Date "2020.09.17"]
[Round "2"]
[White "Tarrago Compte, Carina"]
[Black "Serra Palomar, Josep"]
[Result "0-1"]
[WhiteElo "1477"]
[BlackElo "1702"]
[PlyCount "64"]
[EventDate "2020.09.15"]
[EventType "swiss"]
[EventRounds "8"]
[EventCountry "ESP"]
[SourceTitle "EXT 2022"]
[Source "ChessBase"]
[SourceDate "2021.10.06"]
[SourceVersion "1"]
[SourceVersionDate "2021.10.06"]
[SourceQuality "1"]

1. e4 e5 2. Bc4 Nf6 3. d3 Be7 4. Nc3 Nc6 5. a3 0-0 6. Nf3 d6 7. Qd2 Bg4 8. h3 Bxf3 9. gxf3 Nd4 10. Qd1 Nh5 11. Ne2 Nxf3+ 12. Kf1 Bg5 13. Ng1 Nxg1 14. Rxg1 Nf4 15. Bxf4 Bxf4 16. d4 exd4 17. Qxd4 Be5 18. Qe3 Qf6 19. c3 c6 20. Re1 b5 21. Be2 a6 22. Bh5 c5 23. Qd2 Qh4 24. Bg4 Qf6 25. Re3 Bf4 26. Rf3 Bxd2 27. Rxf6 gxf6 28. e5 fxe5 29. Bf3+ Kh8 30. Bxa8 Rxa8 31. Ke2 Bf4 32. Rd1 Rd8 0-1

[Event "Girona Gerunda op"]
[Site "Girona"]
[Date "2018.10.09"]
[Round "3"]
[White "Serra Palomar, Josep"]
[Black "Garcia Castany, Josep"]
[Result "1-0"]
[WhiteElo "1970"]
[BlackElo "1650"]
[PlyCount "72"]
[EventDate "2018.09.25"]
[EventType "swiss"]
[EventRounds "9"]
[EventCountry "ESP"]
[SourceTitle "EXT 2020"]
[Source "ChessBase"]
[SourceDate "2019.10.17"]
[SourceVersion "1"]
[SourceVersionDate "2019.10.17"]
[SourceQuality "1"]

1. d4 d5 2. Nf3 Nf6 3. g3 e6 4. Bg2 c5 5. dxc5 Bxc5 6. a3 0-0 7. b4 Be7 8. Bb2 a6 9. 0-0 b5 10. Nbd2 Bb7 11. e3 Nbd7 12. Nb3 Rc8 13. Rc1 Ne4 14. Qd3 Bf6 15. Bxf6 Nexf6 16. Qd4 Rc7 17. Rfd1 Qc8 18. Na5 Ba8 19. c3 Ne4 20. Ne5 Nxe5 21. Bxe4 Nc4 22. Bg2 Nb2 23. Rd2 Nc4 24. Nxc4 Rxc4 25. Qd3 Re8 26. h4 h6 27. Kh2 Re7 28. Rdc2 Rec7 29. Qd2 Qd8 30. Bf1 Rg4 31. Kh3 Rg6 32. Qd4 Qc8 33. Kh2 Rf6 34. Kg2 Qb7 35. Be2 Qc6 36. Bf3 Qb7 1-0

[Event "Girona Gerunda op"]
[Site "Girona"]
[Date "2018.10.02"]
[Round "2"]
[White "Alvarez Serra, Jordi"]
[Black "Serra Palomar, Josep"]
[Result "1-0"]
[WhiteElo "2059"]
[BlackElo "1970"]
[PlyCount "106"]
[EventDate "2018.09.25"]
[EventType "swiss"]
[EventRounds "9"]
[EventCountry "ESP"]
[SourceTitle "EXT 2020"]
[Source "ChessBase"]
[SourceDate "2019.10.17"]
[SourceVersion "1"]
[SourceVersionDate "2019.10.17"]
[SourceQuality "1"]

1. Nf3 Nf6 2. c4 c5 3. Nc3 Nc6 4. g3 g6 5. Bg2 Bg7 6. 0-0 0-0 7. d4 cxd4 8. Nxd4 Nxd4 9. Qxd4 d6 10. Qd3 a6 11. Be3 Ng4 12. Bd4 Ne5 13. Qe4 Nxc4 14. Bxg7 Nd2 15. Qd4 Nxf1 16. Bxf8 Qxf8 17. Rxf1 Be6 18. b3 Rb8 19. h4 h5 20. e3 Qc8 21. Nd5 Bxd5 22. Bxd5 e6 23. Bc4 d5 24. Bd3 Qc7 25. Qf6 e5 26. Bxg6 fxg6 27. Qxg6+ Qg7 28. Qe6+ Qf7 29. Qxe5 Rf8 30. Qf4 Qxf4 31. gxf4 Rc8 32. Rd1 Rc5 33. b4 Rb5 34. Rd4 Kg7 35. a4 Rb6 36. Rxd5 Rxb4 37. a5 Kg6 38. Rg5+ Kh6 39. Kg2 b5 40. axb6 Rxb6 41. Kf3 Rb3 42. Rc5 Ra3 43. f5 a5 44. Rc6+ Kg7 45. Kf4 Ra2 46. f3 a4 47. e4 a3 48. Ra6 Ra1 49. e5 a2 50. Ra7+ Kf8 51. f6 Rh1 52. Rxa2 Rxh4+ 53. Kf5 Rb4 1-0